000 00328nam a22001337a 4500
008 171218b xxu||||| |||| 00| 0 eng d
020 _a9780683303551
041 _aeng
080 _26TH
_a61
100 _a3
101 _aSHM
245 _aACSM'S GUIDELINES FOR EXERCISE TESTING AND PRESCRIPTION
_cWILLIAMS,L
942 _2udc
_cBK
999 _c39083
_d39083